| 000 | 00842nam a2200205 i 4500 | ||
|---|---|---|---|
| 001 | 39168 | ||
| 003 | ES-MaACL | ||
| 005 | 20230906155913.0 | ||
| 007 | t| | ||
| 008 | 030227s1877 sp i ||||1| spa d | ||
| 080 | _a014.5 Bibliotecas antigua y nueva de escritores aragoneses | ||
| 100 | 1 |
_aCampillo, Toribio del. _934170 |
|
| 245 | 1 | 0 |
_aÍndice alfabético de autores para facilitar el uso de las bibliotecas antigua y nueva de los escritores aragoneses dadas a luz por el Dr. D. Félix de Latassa / _ccompuesto por Toribio del Campillo. |
| 260 |
_aMadrid : _bT. Fortanet, _c1877. |
||
| 300 |
_a263 p. ; _c21 cm. |
||
| 530 | _aDisponible en formato digital. | ||
| 700 | 1 |
_aLatassa y Ortin, Félix de. _970515 |
|
| 852 |
_aES-MaACL _jC-2223 |
||
| 856 |
_uhttp://bdh-rd.bne.es/viewer.vm?id=0000097590&page=1 _zBiblioteca Digital Hispánica |
||
| 999 |
_c39168 _d39168 |
||